|
|
|
|
| LEADER |
00000nab a2200000 a 4500 |
| 001 |
vtls000879665 |
| 003 |
SK-MaSNL |
| 005 |
20260304172934.0 |
| 008 |
140303c2004 xo 0 slo |
| 015 |
|
|
|a SNBRB2004/08-22039
|
| 035 |
|
|
|a CLN000231206
|
| 040 |
|
|
|a SNKBUCL
|b slo
|c SNKBUCL
|e AACR2
|
| 041 |
0 |
|
|a slo
|
| 044 |
|
|
|a xo
|c SK
|
| 080 |
|
|
|a 616.370-008.64-07-08
|2 1997
|
| 100 |
1 |
|
|a Vozár, Juraj,
|d 1946-2014
|4 aut
|9 27878
|
| 245 |
1 |
0 |
|a Praktický lekár a manažment diabetu
|c Juraj Vozár
|
| 300 |
|
|
|b Obr., tab.
|
| 650 |
0 |
7 |
|a dietoterapia
|2 snkbucl
|a Diabetes mellitus
|9 844265
|
| 650 |
0 |
7 |
|a dietoterapia
|2 MESH
|a Diabetes mellitus
|9 844265
|
| 655 |
|
7 |
|a články z novín a časopisov
|2 snkbucl
|9 267496
|
| 773 |
0 |
|
|t [Príl.] Lekárske listy
|g Č. 14 (2004), s. 4-6
|x 1335-4477
|
| 773 |
0 |
|
|t Zdravotnícke noviny
|g Roč. 9, č. 14 (2004)
|x 1335-4477
|
| 850 |
|
|
|a Slovenská národná knižnica v Martine
|
| 852 |
|
|
|a SNK
|b KIS3GCP
|
| 958 |
|
|
|a MI
|
| 992 |
|
|
|a RBX
|
| 999 |
|
|
|c 3000839
|d 3002769
|